000 00448nam a2200181Ia 4500
001 15996
005 20260306170237.0
008 260306t2006||||xx |||||||||||||| ||und||
041 _aESP
082 _a346.52
_bE88
100 _aEspinoza Espinoza, Juan [1964-...]
_eAUT
245 0 _aDerecho de la responsabilidad civil
260 _c2006
300 _a711 páginas :
_c24 cm.
650 _aGEN
654 _aCDE
942 _cLIB
_dJUS
_fJUS
_2ddc
_n
999 _c15996
_d15996